000
00320nam a2200121Ia 4500
008
210430s9999 xx 000 0 und d
082
_a
546 J 751 M
100
_a
William L.Jolly
245
_a
Modern Inorganic Chemistry 2nd
_c
William L.Jolly
260
_a
India
_b
McGraw-Hill
_c
2007
300
_a
655p
942
_c
BK
_2
ddc
999
_c
563110
_d
563110